000 03700cam a2200421 4500500
005 20260322013515.0
041 _afre
042 _adc
100 1 0 _aBourdellon, Geneviève
_eauthor
245 0 0 _aLa satisfaction impossible ou l'attaque du bébé mutant vampire
260 _c2010.
500 _a83
520 _aRésuméL’emprise et la défense maniaque ont progressivement pu trouver à se figurer dans le jeu. La régrédience autorise une transformation où le quantitatif cède sur le qualitatif, le plaisir de la décharge laisse la place à la recherche d’un sens d’abord affectif. Dans ces conditions, l’objectalisation devient source de satisfactions moins fortes mais plus sûres et les éprouvés traumatiques peuvent commencer à se représenter bien que de façon dramatique dans un premier temps.
520 _aMastery and manic defence gradually came to feature in play. Regredience permits a transformation in which the quantitative cedes to the qualitative, and the pleasure of discharge leaves room to seek out a meaning that is initially affective. In these conditions, objectalisation becomes a source of weaker but more certain satisfactions and traumatic emotions can begin to emerge, albeit in a dramatic way initially.
520 _aResumenEl dominio y la defensa maniaca han podido paulatinamente figurarse en el juego. La regrediencia autoriza la transformación en la cual lo cuantitativo deja espacio a lo cualitativo, el placer de la descarga se abre para posibilitar la búsqueda de un sentido, de entrada afectivo. En tales condiciones la objetalización se vuelve fuente de satisfacciones menos intensas pero más seguras y las vivencias traumáticas pueden comenzar a representarse aunque sea de manera dramática en un primer tiempo.
520 _aZusammenfassungDie manische Abwehr und das Bemächtigungsbestreben konnten im Spiel nach und nach bildhaft zum Ausdruck kommen. Durch die Regressionsbewegung kommt es zu einer Transformation, bei der der quantitative Faktor dem qualitativen weicht und die Lust an der Abfuhr der Suche nach einem zuallererst affektiven Sinn Platz macht. Unter diesen Bedingungen wird die “Objektalisierung” oder Objekterschaffung zur Quelle von weniger starken, aber sichereren Befriedigungen und die traumatischen Erlebnisse können (obwohl allerdings zunächst auf dramatische Weise) beginnen, zu Vorstellungen zu werden.
520 _aRiassuntoL’imposessamento e le difese maniacali sono riusciti ad essere figurati attraverso il gioco. La « regredienza » consente una trasformazione in cui l’elemento qualitativo prevale su quello quantitativo, il piacere del deflusso cede il posto alla ricerca di un senso innanzitutto affettivo. In queste condizioni l’oggettualizzazione diventa fonte di soddisfazioni meno forti ma più sicure e i vissuti traumatici possono cominciare ad essere rappresentati seppur, in un primo tempo, in maniera drammatica.
690 _aattaque sur les liens
690 _adéfense maniaque
690 _aencoprésie
690 _afaux self
690 _ajouissance
690 _aplaisir partagé
690 _aqualité
690 _aquantité
690 _asaturation sensorielle
690 _aattack on links
690 _aencopresis
690 _afalse self
690 _ajouissance
690 _amanic defence
690 _aquality
690 _aquantity
690 _asensory saturation
690 _ashared pleasure
786 0 _nRevue française de psychanalyse | 74 | 1 | 2010-04-21 | p. 111-127 | 0035-2942
856 4 1 _uhttps://shs.cairn.info/revue-francaise-de-psychanalyse-2010-1-page-111?lang=fr&redirect-ssocas=7080
999 _c1781292
_d1781292